Регионална библиотека "Любен Каравелов" - Русе

Физкултурни песни и маршове (Запис номер 361793)

MARC детайли
000 -Лидер
Контролно поле с фиксирана дължина ncm a22 a 4500
003 - Код на организацията, давaща контролен номер
Контролно поле BLK
005 - Дата и час на последна редакция
Контролно поле 20200512172323.0
008 - Елементи от данни с фиксирана дължина
fixed length control field 200512b bu ||||| |||| 00| 0 bu d
040 ## - Източник на каталожния запис
Идентификатор на билиотеката - собственик на записа BLK
041 ## - Код за език
Код за езика на текст/звукозапис или на отделно заглавие Български
Код за езика КДБФ Български
080 ## - УДК
Текстов определител УДК Масови песни. Песни на отделни обществени групи
УДК код - определител по УДК 784.66
УДК - код + определител 784.66
139 ## - Редно поле
Редна дума Физкултурни песни и маршове
Авторски знак Физ - Ф 47
245 ## - Сведения за заглавието
Заглавие Физкултурни песни и маршове
Подзаглавни данни Сб. хорови песни
260 ## - Област на издателските данни
9 (RLIN) 209548
Място на издаване, разпространение и проч. София
Име на издателя, разпространителя и проч. Наука и изкуство
Година на издаване 1961
Издателство - префикс ISBN 978-954-02-
300 ## - Физическа характеристика
Страници 60 с.
Размери/Мащаб 30 см
380 ## - Жанр
Жанр Изкуство
500 ## - Общи забележки
Забележка Изд. на ЦС на БСФС. Отдел Пропаганда и агитация
650 #7 - Допълнително описание по предмет – тема
9 (RLIN) 166108
Основно описание – тема или топоним Песни
653 #0 - Ключова дума – ненормативна
9 (RLIN) 403964
Ключова дума песни за физкултурни упражнение
653 #7 - Ключова дума – ненормативна
9 (RLIN) 190589
Ключова дума маршове
852 ## - Местоположение
Форматна сигнатура Цб М ІІ 1765
Фондова буква Хранилище
999 ## - СИСТЕМНИ КОНТРОЛНИ НОМЕРА
Koha biblionumber 361793
Koha biblioitemnumber 361793
942 ## - АРТИКУЛИ
Източник на класификационната схема Universal Decimal Classification
Вид на библиотечния материал Нотни издания
Скрит в OPAC Не
Периодичен библиозапис Да
944 ## - СЪЗДАВАНЕ И РЕДАКЦИЯ на ЗАПИСА
Създаване/Редакция Създаване
Дата на регистрацията/редакция 2020-05-12
Служител, извършил регистрацията/редакцията ГГГ
Наличности
Код за отписване Код за изгубен артикул Източник на класификационната схема Код за повреда Коз за рестрикции Код за отдаване Артикулен № Име на библиотеката - собственик Име на библиотеката, в която се намира в момента Статус (Текущо местоположение) Дата на вписване в системата Местоположение - отдел Цена в лева Инвентарен номер Систематично азбучна сигнатура Баркод Цена в евро Служебен тип на артикула
  Не е изгубен Universal Decimal Classification Не е повреден само за читалня ползва се в читалня 770203 Регионална библиотека "Любен Каравелов" Русе Регионална библиотека "Любен Каравелов" Русе Хранилище 2020-05-18 Хранилище 0.50 17430/61 Цб М ІІ 1765 900000008233 0.26 Нотни издания
Vip Innovations Ltd, Rousse, Bulgaria 2025